000 00575nam a2200205 a 4500
001 20096
003 CO-ViMGA
008 141112s2004 ck r 000 u spa d
020 _a8426102557
040 _aCO-ViMGA
_bspa
_cCO-ViMGA
082 0 4 _aANDe
100 1 _aAndersen, Hans Christian
_93149
245 1 0 _aCuentos de Andersen
260 _aBarcelona :
_bEd. Juventud,
_c2002
300 _a239 p.
490 0 _aColección cuentos universales
590 _aForma de adquisición : Premio Mincultura
650 1 4 _aCUENTOS INFATILES - COLECCIONES
_93150
942 _2ddc
_cBK
999 _c9770
_d9770